00169nam a2200073Ia 4500008004100000100001500041245001900056260002000075170620s9999 xx 000 0 und d aBHATIA H.L 0aPUBLIC FINANCE bVIKAS N. DELHI